Les trois chapeaux (Registro nro. 155242)

Detalles MARC
000 -LEADER
campo de control de longitud fija 00747nam a2200181 i 4500
001 - NÚMERO DE CONTROL
campo de control 155242
003 - IDENTIFICADOR DE NÚMERO DE CONTROL
campo de control ES-MaACL
005 - FECHA Y HORA DE LA ÚLTIMA TRANSACCIÓN
campo de control 20230906210015.0
008 - DATOS DE LONGITUD FIJA--INFORMACIÓN GENERAL
campo de control de longitud fija 040719s1871 fr |||| | fre d
040 ## - FUENTE DE CATALOGACIÓN
Centro catalogador/agencia de origen CAM
Lengua de catalogación spa
Centro/agencia transcriptor CAM
100 1# - ENTRADA PRINCIPAL--NOMBRE DE PERSONA
Nombre de persona Hennequin, Alfred.
9 (RLIN) 127851
245 14 - MENCIÓN DEL TÍTULO
Título Les trois chapeaux
Resto del título : comédie en trois actes /
Mención de responsabilidad, etc. par Alfred Hennequin.
250 ## - MENCION DE EDICION
Mención de edición 2e éd.
260 ## - PUBLICACIÓN, DISTRIBUCIÓN, ETC.
Lugar de publicación, distribución, etc. Paris :
Nombre del editor, distribuidor, etc. Michel Lévy Frères, éditeurs :
-- Librairie Nouvelle,
Fecha de publicación, distribución, etc. 1871 (
Lugar de fabricación/manufactura Clichy :
Fabricante Imp. Paul Dupont et C.)
300 ## - DESCRIPCIÓN FÍSICA
Extensión 76 p. ;
Dimensiones 18 cm.
500 ## - NOTA GENERAL
Nota general Représentée pour la première fois à Paris, sur le Théâtre du Vaudeville, le 31 août 1871.
852 ## - LOCALIZACIÓN
Ubicación ES-MaACL
Número de control de estantería T-734-F-1
Nota libre -- Enc. hol., falto de la cub. original
-- -- Enc. en un vol. facticio
Existencias
Estatus retirado Estado de pérdida Estado de daño No para préstamo Colección Biblioteca de origen Biblioteca actual Ubicación en estantería Fecha de adquisición Total de préstamos Signatura topográfica completa Código de barras Visto por última vez Precio de reemplazo Tipo de ítem Koha
        Colección de folletos Biblioteca del Ateneo de Madrid Biblioteca del Ateneo de Madrid Depósito folletos 17/01/2008   T-734-F-1 1162391 23/02/2023 23/02/2023 Folleto